000 00479nam a22001697a 4500
008 150521b xxu||||| |||| 00| 0 eng d
020 _a9780323040587
020 _a0323040586
041 0 _aeng
080 _a615
100 _aElsevier, Mosby
245 0 0 _aMosby's Drug Consult :
_cElsevier, Mosby
300 _a142, 3034, 139, 81 f. ;
_bme il. ;
_c28 cm.
_e1 CD-ROM
650 0 _aMjekësi
650 0 _aBarnat
942 _2udc
_cBK
999 _c883
_d883